Los Embajadores / Henry James

Novela de ficción con un gran contenido de humor negro, gira en torno a Lewis Lambert, un hombre culto de mediana edad que debe trasladarse a París, con el fin de encontrar al rebelde hijo de su prometida, la señora Newsome, quien desea que su oveja descarriada vuelva a casa, sin embargo, estos plan...

Fuld beskrivelse

Guardado en:
Bibliografiske detaljer
Hovedforfatter: James, Henry
Format: Bog
Sprog:Undetermined
Udgivet: Barcelona, España Montesinos 1981
Fag:
Tags: Tilføj Tag
Ingen Tags, Vær først til at tagge denne postø!

MARC

LEADER 00000nam a2200000Ia 4500
008 170316s9999 xx 000 0 und d
040 |a cru BVZT 
090 |a 810 J-3e 
100 |a James, Henry 
245 |a Los Embajadores / Henry James 
260 |a Barcelona, España 
260 |b Montesinos 
260 |c 1981 
300 |a 435 páginas 
520 |a Novela de ficción con un gran contenido de humor negro, gira en torno a Lewis Lambert, un hombre culto de mediana edad que debe trasladarse a París, con el fin de encontrar al rebelde hijo de su prometida, la señora Newsome, quien desea que su oveja descarriada vuelva a casa, sin embargo, estos planes se verán deteriorados, ya que el joven Chad se ha enamorado de las bellezas de Europa, lo que dificultará su regreso al continente americano. Los Embajadores, escrito en 1903 por Henry James, tiene como tema principal las diferencias culturales que se pueden encontrar entre las distintas naciones. 
650 |a LITERATURA ESTADOUNIDENSE  |9 25 
999 |c 5790  |d 5790 
942 |c 15 D  |h 810 J-3e  |2 z